Normal view
MARC view
Entry Personal Name
001 - CONTROL NUMBER
- control field: 12131
003 - CONTROL NUMBER IDENTIFIER
- control field: HDC
005 - DATE AND TIME OF LATEST TRANSACTION
- control field: 20230624073356.0
008 - FIXED-LENGTH DATA ELEMENTS
- fixed length control field: 210208|| aca||aabn | a|a d
040 ## - CATALOGING SOURCE
- Original cataloging agency: HDC
- Transcribing agency: HDC
100 ## - HEADING--PERSONAL NAME
- Personal name: Chung, Joo-won
670 ## - SOURCE DATA FOUND
- Source citation: Work cat.: (HDC): Chung, Joo-won author, Milk industry taps Malaysian halal market / by, [no year]
